Normal view
MARC view
Entry Geographic Name
001 - CONTROL NUMBER
- control field: 15106
003 - CONTROL NUMBER IDENTIFIER
- control field: BD-RjUL
005 - DATE AND TIME OF LATEST TRANSACTION
- control field: 20250303104707.0
008 - FIXED-LENGTH DATA ELEMENTS
- fixed length control field: 250303|| aca||aabn | a|a d
040 ## - CATALOGING SOURCE
- Original cataloging agency: BD-RjUL
- Transcribing agency: BD-RjUL
151 ## - HEADING--GEOGRAPHIC NAME
- Geographic name: Marquesas Islands (French Polynesia)
670 ## - SOURCE DATA FOUND
- Source citation: Work cat.: (BD-RjUL)84736: Danielsson, Bengt. 1921-1997. 15105, Forgotten islands of the South Seas., 1960